| 000 | 00791nam a22001815i 4500 | ||
|---|---|---|---|
| 001 | 153705 | ||
| 003 | ES-MaACL | ||
| 005 | 20230906205342.0 | ||
| 008 | 041025s1886 cu |||| | spa d | ||
| 040 |
_aCAM _bspa _cCAM |
||
| 110 | 2 |
_aEscuela de Artes y Oficios de La Habana. _9137774 |
|
| 245 | 1 | 0 | _aMemoria del curso de 1885 á 1886, leída por el Secretario de la Escuela en la solemne apertura del de [sic] 1886 á 1887 en cumplimiento del articulo 100 de su Reglamento. |
| 260 |
_aLa Habana : _b[s.n.], _c1886 ( _fImprenta "La Razón") |
||
| 300 |
_a55 p. ; _c30 cm. |
||
| 610 | 2 |
_aEscuela de Artes y Oficios de La Habana. _9137774 |
|
| 700 | 1 | 1 |
_aPérez-Beato, Manuel. _990666 |
| 852 |
_aES-MaACL _jT-446-F-6 _z-- Enc. hol. _q-- Falto de la cub. original _z-- Enc. en un vol. facticio |
||
| 999 |
_c153705 _d153705 |
||